Sikh generals and gallant warriors/ (Record no. 7701)

MARC details
000 -LEADER
fixed length control field 00597 a2200181 4500
010 ## - LCCN (DPL NO)
LC control number ENG-88146
020 ## - INTERNATIONAL STANDARD BOOK NUMBER
Terms of availability 425.00
International Standard Book Number 8171164210
035 ## - SYSTEM CONTROL NUMBER
System control number EN-71679
037 ## - SOURCE OF ACQUISITION
Source of stock number/acquisition DBAD / PUB
082 14 - DEWEY DECIMAL CLASSIFICATION NUMBER
Classification number 355.33042
100 ## - MAIN ENTRY--PERSONAL NAME
Personal name Aulakh, Gurcharan Singh
245 1# - TITLE STATEMENT
Title Sikh generals and gallant warriors/
Statement of responsibility, etc by Gurcharan Singh Aulakh
260 ## - PUBLICATION, DISTRIBUTION, ETC. (IMPRINT)
Place of publication, distribution, etc New Delhi
Name of publisher, distributor, etc National Book Shop
Date of publication, distribution, etc 2006
270 ## - ADDRESS
Address Pleasure Garden Market, Chandni Chowk,
City Delhi
Postal code 110 006
300 ## - PHYSICAL DESCRIPTION
Extent 416p.
Dimensions 22cm(Hb)
Other physical details col. photos
500 ## - GENERAL NOTE
General note Includes bibliographical references
942 ## - ADDED ENTRY ELEMENTS (KOHA)
Institution code [OBSOLETE] dpl
Item type English Books
Source of classification or shelving scheme Dewey Decimal Classification
Classification part 355.33042
Call number suffix AUL
Holdings
Withdrawn status Lost status Not for loan Collection code Home library Current library Source of acquisition Cost, normal purchase price Full call number Barcode Copy number Cost, replacement price Koha item type
    Not For Loan Non-fiction D.B.Act.Division D.B.Act.Division DBAD/PUB 425.00 355.33042 AUL EN-71679 1 425.00 English Books

© Delhi Public Library
Hit Counter
free hit counter